Score 0/24 Timer 02:00
0 Plays Today
% Correct
Raiders
90.4%
Last
89%
Slumdog
88.3%
Peace
86.2%
Fiddler
81.5%
Commandments
81.2%
Twice
81.1%
Left
79%
Libre
78.4%
Doctor
78.2%
Spy
74.5%
Memoirs
70.6%
% Correct
Translation
68.6%
Year
65.8%
Sierra
63.6%
Ashes
60.2%
Mummy
54.9%
Water
46.7%
Enemy
45.2%
Pretty
41.2%
Jungle
41.2%
Limited
29.3%
Wedding
16.1%
Secret
10.1%

Today's Daily Dose

Missing Word
I Hardly Know Her!

Word Ladder
Sentence Ending

Quick Pick
Female Firsts

Get the Picture
Triathlon Sports

Remove Ads.
Support Sporcle.
Get the best of Sporcle when you Go Orange. This ad-free experience offers more features, more stats, and more fun while also helping to support Sporcle. Thank you for becoming a member.

You're not logged in!

Compare scores with friends on all Sporcle quizzes.
OR
Log In

Show Comments

Extras

Top Quizzes Today


Score Distribution

Your Account Isn't Verified!

In order to create a playlist on Sporcle, you need to verify the email address you used during registration. Go to your Sporcle Settings to finish the process.

Report this User

Report this user for behavior that violates our Community Guidelines.

Details: